| 000 | 005810000a22001930004500 | ||
|---|---|---|---|
| 003 | LK-CoMWRAF | ||
| 005 | 20231107103254.0 | ||
| 008 | 230817t1989 ||||| |||| 00| 0 eng d | ||
| 040 | _aDDC | ||
| 041 | _aeng | ||
| 082 |
_a297.122 _bGIL |
||
| 100 | _aGilani, El-Sheikh Mohy-ud-din Syed Mubarik Ali | ||
| 245 |
_aQuranic Psychiatry : _bA report on scientific research and demonstration of the healing aspect of the Holy Quran |
||
| 250 | _a5th Edition | ||
| 260 |
_aPakistan (Lahore) : _bZawia Books, _c1978 |
||
| 300 | _a36p | ||
| 650 | _aQuran-Psychiatric study | ||
| 942 | _cBK | ||
| 999 |
_c1989 _d1989 |
||